| 000 | 00605cam a22001811 4500 | ||
|---|---|---|---|
| 082 |
_a620.1 _bING _cL-5, P-3 |
||
| 100 | 1 |
_aInglis, Charles _940659 |
|
| 245 | 1 | 0 | _aApplied mechanics for engineers. |
| 260 |
_aLondon, _bSyndics of the cambridge university press _c[1951] |
||
| 300 |
_axii, 404 p. _bdiagrs. _c22 cm. |
||
| 500 | _a"1st pub. in 1963." | ||
| 500 | _a"An unabridged and unaltered republication of the work first published ... in 1951." | ||
| 500 | _a"S1119." | ||
| 526 |
_a0 _b0 _c0 _d620_100000000000000_ING |
||
| 650 | 0 |
_aMCE _9379 |
|
| 650 | 0 |
_aMechanics, Applied. _913090 |
|
| 942 |
_2ddc _cBK |
||
| 999 |
_c544911 _d544911 |
||